LEADER 02170oam 2200421 450 001 9910141464703321 005 20230607231437.0 010 $a9789012092722$b(ebook) 024 7 $a10.26530/OAPEN_439738 035 $a(CKB)2670000000334474 035 $a(OAPEN)439738 035 $a(EXLCZ)992670000000334474 100 $a20130218d2001 fh 0 101 0 $adut 135 $auuuu#---auuuu 181 $ctxt$2rdacontent 182 $cc$2rdamedia 183 $acr$2rdacarrier 200 00$aOntwikkelingsbeleid en goed bestuur /$fWetenschappelijke Raad voor het Regeringsbeleid 210 1$aDen Haag :$cWRR, Sdu Uitgevers,$d2001 215 $a1 online resource (342 pages) $cillustrations; digital file(s) 225 1 $aRapporten aan de regering ;$v58 311 08$aPrint version: 9012092728 320 $aIncludes bibliographical references. 330 $aHet is noodzakelijk goed bestuur te bevorderen. Vanwege de gunstige economische effecten, maar ook in het belang van rechtstatelijkheid, mensenrechten, bestuurlijke kwaliteit en democratisering. Hiermee wordt niet afgedaan aan de oriëntatie van het ontwikkelingsbeleid op de armere landen in de wereld. Complementair aan de inspanningen gericht op armoedevermindering, zou het Nederlandse bilaterale beleid meer reliëf aan de goedbestuursprioriteit moeten geven. Bij de landenkeuze zou dit inhouden dat voor de meest intensieve hulprelatie niet alleen landen worden gekozen die al beschikken over vormen van goed bestuur, maar dat ook landen in aanmerking komen waar de bestuurlijke situatie gebrekkig is, maar waar wel aangrijpingspunten tot verbetering zijn. 410 0$aRapporten aan de regering ;$v58. 606 $aPublic administration$zNetherlands 606 $aPolitics & government$2bicssc 607 $aNetherlands$xForeign economic relations$zDeveloping countries 607 $aDeveloping countries$xPolitics and government 615 0$aPublic administration 615 7$aPolitics & government 676 $a352.34 801 0$bUkMaJRU 906 $aBOOK 912 $a9910141464703321 996 $aOntwikkelingsbeleid en goed bestuur$92046049 997 $aUNINA LEADER 02062nas 2200469 n 450 001 990008936220403321 005 20240229084312.0 011 $a0366-6581 035 $a000893622 035 $aFED01000893622 035 $a(Aleph)000893622FED01 035 $a000893622 091 $2CNR$aP 00002045 100 $a20090724b19291935km-y0itaa50------ba 101 0 $aeng 102 $aCA 110 $aauu-------- 200 1 $aCanadian journal of research 207 1$a1929-1935 210 $aOttawa$cNational Research Council 433 0$1001000893623$12001$aCanadian journal of research. Section A: Physical sciences 433 0$1001000893624$12001$aCanadian journal of research. Section B: Chemical sciences 433 0$1001000893625$12001$aCanadian journal of research. Section D: Zoological sciences 446 0$12001$aCanadian journal of research. Section E: Medical sciences 446 0$12001$aCanadian journal of research. Section C: Botanical sciences 446 0$12001$aCanadian journal of research. Section F: Technology 530 0 $aCanadian journal of research 675 $a001.891 675 $a5 675 $a6 676 $a505 712 02$aNational Research Council Canada 801 0$aIT$bACNP$c20090723 859 4 $uhttp://acnp.cib.unibo.it/cgi-ser/start/it/cnr/dc-p1.tcl?catno=1051&person=false&language=ITALIANO&libr=&libr_th=unina1$zBiblioteche che possiedono il periodico 901 $aSE 912 $a990008936220403321 958 $aBiblioteca. Dipartimento di Chimica. Complesso Universitario di Monte S. Angelo.$b1929-1935.$fDCH 959 $aDCH 996 $aCanadian journal of research$9796663 997 $aUNINA AP1 8 $6866-01$aNA007 Biblioteca. Dipartimento di Chimica. Complesso Universitario di Monte S. Angelo.$evia Cinthia 4, 80126 Napoli (NA)$m081674497-081674488$m081674090$nit AP2 40$aacnp.cib.unibo.it$nACNP Italian Union Catalogue of Serials$uhttp://acnp.cib.unibo.it/cgi-ser/start/it/cnr/df-p.tcl?catno=1051&language=ITALIANO&libr=&person=&B=1&libr_th=unina&proposto=NO